Advanced Engineering Mathematics (Record no. 3553)

MARC details
000 -LEADER
fixed length control field 00393nam a2200157Ia 4500
008 - FIXED-LENGTH DATA ELEMENTS--GENERAL INFORMATION
fixed length control field 230524s9999 xx 000 0 und d
020 ## - INTERNATIONAL STANDARD BOOK NUMBER
ISBN 8178672677
082 ## - DEWEY DECIMAL CLASSIFICATION NUMBER
Classification number 510
Item number JEF
100 ## - MAIN ENTRY--AUTHOR NAME
Personal name Alan Jeffrey
245 #0 - TITLE STATEMENT
Title Advanced Engineering Mathematics
260 ## - PUBLICATION, DISTRIBUTION, ETC. (IMPRINT)
Place of publication NEW DELHI
Name of publisher Academic
Year of publication 2003
300 ## - PHYSICAL DESCRIPTION
Number of Pages XIX;1160
500 ## - GENERAL NOTE
General note Quantity Number: 1
650 ## - SUBJECT ADDED ENTRY--TOPICAL TERM
Topical Term Mathematics
942 ## - ADDED ENTRY ELEMENTS (KOHA)
Koha item type Books
Holdings
Lost status Damaged status Permanent Location Current Location Shelving location Date acquired Full call number Accession Number Koha item type
    Central Library, Trident Academy of Technology Central Library, Trident Academy of Technology General Stacks 05/24/2023 510 JEF 1175 Books
Trident Academy of Technology © 2023.
All rights reserved.                                                                                                                                                                                                        Designed by Team of Central Library .

Powered by Koha